01121nam a2200277 a 450000100060000000300080000600500170001400800410003102000140007203500190008604000270010504100080013208200270014024501340016726000460030130000350034749000510038265000470043365000510048070000420053171000420057383000590061594200120067499900170068695201400070364710BD-RjUL20211209081336.0170219s1961 nyub 000 0 eng d a393093964 a(BD-RjUL)64840 aDLCcDLCbengdBD-RjUL aeng a342.7449223bMAS 197200aMassachusetts, Colony to Commonwealth :bdocuments on the formation of the constitution, 1775-1780 /cedited by Robert J. Taylor. aNew York :bW. W. Norton & Company,c1972 aviii, 166 p. :bill. ;c24 cm. aDocumentary problems in early American history 0aConstitutional lawzMassachusetts.9191843 0aConstitutional historyzMassachusetts.91918441 aTaylor, Robert Joseph,d1917-919184512aMassachusetts.tConstitution.9191846 aDocumentary problems in early American history9191848 2ddccBK c64710d64710 00102ddc40718NFICaRUCLbRUCLcReadingd1997-09-20eAsia Foundationl0o342.7449 MAS 1972r2017-02-19 00:00:00tC-1w2017-02-19yBK